| 000 | 00624nam a2200181Ia 4500 | ||
|---|---|---|---|
| 003 | GCL | ||
| 008 | 140319s9999 xx 000 0 ara d | ||
| 040 |
_aGCL / _cGCL |
||
| 082 | 0 | 4 |
_a627 _bم ه |
| 100 | 1 | _aمحمد عبدالرحمن الجناينى | |
| 245 | 1 | 0 |
_aالهيدروليكا وتطبيقاتها فى الهندسة المدنية / _cمحمد عبدالرحمن الجناينى |
| 260 |
_a[S.N] : _bدار الراتب الجامعية ، _c1986 |
||
| 490 | _a | ||
| 650 | 0 | 4 | _aالهيدروليكا |
| 650 | 0 | 4 | _aالهندسة الهيدروليكية |
| 650 | 0 | 4 | _aالاجهزة |
| 942 |
_2ddc _cBK |
||
| 999 |
_c54632 _d54632 |
||